தனிநாயக அடுகளாரின் ஒப்பிலக்கியச் சிந்தனைகள் : நியூ செஞ்சுரியின் சிறுநூல் வரிசை /

Thaninayaga atikalarin oppillakkiya sinthanaikal
Saved in:
Bibliographic Details
Format: Book
Language:Sinhalese
Published: இந்தியா : நியூ செஞ்சுரி புக் ஹவுஸ் (பி) லிட் , 2021.
Tags: Add Tag
No Tags, Be the first to tag this record!

MARC

LEADER 00000nam a22000007a 4500
003 LK-CoNLD
005 20251110150348.0
008 251110b ||||| |||| 00| 0 sin d
017 |b LK-CoDNA 
020 |a 9788123441498 
040 |a LK-CoNLD  |b TAM  |c LK-CoNLD  |d LK-CoNLD 
082 |2 23  |q LK-CoNLD 
245 |6 880-1  |a தனிநாயக அடுகளாரின் ஒப்பிலக்கியச் சிந்தனைகள் :  |b நியூ செஞ்சுரியின் சிறுநூல் வரிசை /  |c பா. ஆனந்தகுமார். 
260 |a இந்தியா :  |b நியூ செஞ்சுரி புக் ஹவுஸ் (பி) லிட் ,  |c 2021. 
300 |a ப. 36 ; 
880 |6 245-1  |a Thaninayaga atikalarin oppillakkiya sinthanaikal 
942 |c BOOK 
945 |c 22  |d Logeshwary RAMASAMY  |a 22  |b Logeshwary RAMASAMY 
999 |c 293947  |d 293947